| 000 | 00968nam0a2200289 4500 | ||
|---|---|---|---|
| 001 | RU\NLR\BIBL_A\012312171 | ||
| 005 | 20250624013809.0 | ||
| 035 | _a(NLR Aleph) 012312171 | ||
| 090 |
_a11375860 _c11375860 |
||
| 100 | _a20200811d1928 |||y0rusy50 ca | ||
| 101 | 0 | _arus | |
| 102 | _aRU | ||
| 105 | _ay z 000 y | ||
| 181 | 0 |
_ai _baxxe |
|
| 182 | 0 | _an | |
| 200 | 1 |
_a"МОПРыр" ривэлуцэм и бэнакIохэмэ шъуIэпыI! _fзэздзэкIэгъэр Лъэбыщэ, А. |
|
| 203 |
_aТекст _bвизуальный _cнепосредственный |
||
| 210 |
_aКраснодар _cИзд. Сев.-Кав. Крайкома МОПРа и ВЦК НТА _d1928 |
||
| 215 |
_a21 с. _d16 |
||
| 300 | _aЛатин. графика | ||
| 541 | 1 |
_aМОПР _zrus |
|
| 601 | 0 | 2 |
_aМОПР _91575787 _3RU\NLR\AUTH\66691028 |
| 686 | 1 | _aФ76(2)1 | |
| 852 |
_aNLR _bОНЛ _jАдыг./2-3 |
||
| 942 | _cBOOK | ||
| 980 | _aNB | ||